| Tag |
First Indicator |
Second Indicator |
Subfields |
| LEADER |
00000cas a2200000 a 4500 |
| 001 |
in00001655310 |
| 005 |
20151023111622.0 |
| 006 |
m o d |
| 007 |
cr ||||||||||| |
| 008 |
980422c19799999enkbx pso o 0 a0eng c |
| 010 |
|
|
|a 2007233320
|
| 022 |
|
|
|a 1879-2278
|l 0142-727X
|y 0142-727X
|2 j
|
| 029 |
1 |
|
|a OCLCS
|b 1873
|
| 029 |
1 |
|
|a OCLCS
|b OP-17472
|
| 029 |
1 |
|
|a AU@
|b 000041417392
|
| 035 |
|
|
|a (OCoLC)ocm38995688
|
| 035 |
|
|
|a (OCoLC)38995688
|
| 040 |
|
|
|a OH1
|b eng
|c OH1
|d OCL
|d OCLCQ
|d GUA
|d U9S
|d GUA
|d OCLCQ
|d UtOrBLW
|
| 042 |
|
|
|a pcc
|
| 049 |
|
|
|a TXAM
|
| 050 |
1 |
4 |
|a TJ260
|b .I58 Electronic
|
| 130 |
0 |
|
|a International journal of heat and fluid flow (Online)
|
| 210 |
0 |
|
|a Int. j. heat fluid flow
|b (Online)
|
| 222 |
|
0 |
|a International journal of heat and fluid flow
|b (Online)
|
| 245 |
1 |
0 |
|a International journal of heat and fluid flow.
|
| 246 |
3 |
0 |
|a Heat and fluid flow
|
| 246 |
1 |
3 |
|a IJHFF
|
| 264 |
|
1 |
|a [England] :
|b [Institution of Mechanical Engineers],
|c 1979-
|
| 310 |
|
|
|a Six no. a year,
|b 1994-
|
| 321 |
|
|
|a Four no. a year,
|b 1979-1993
|
| 336 |
|
|
|a text
|b txt
|2 rdacontent
|
| 337 |
|
|
|a computer
|b c
|2 rdamedia
|
| 338 |
|
|
|a online resource
|b cr
|2 rdacarrier
|
| 362 |
0 |
|
|a Vol. 1, issue 1 (Mar. 1979)-
|
| 500 |
|
|
|a Title from contents screen (ScienceDirect, viewed Mar. 21, 2007).
|
| 500 |
|
|
|a Some issues also have distinctive titles.
|
| 500 |
|
|
|a Published: Academic Press, 1983- ; Butterworth-Heinemann, <1994->; Elsevier <1999->
|
| 515 |
|
|
|a Publication suspended for 1981.
|
| 520 |
8 |
|
|a " ... publishes original contributions of high standards on experimental, computational, and physical aspects of convective heat transfer and fluid dynamics relevant to engineering or the environment including two-phase flows."
|
| 521 |
8 |
|
|a "Academic and industrial researchers; practicing energy engineers specializing in heat and fluid flow, heat transfer, and thermodynamic systems; and mechanical, chemical, aerospace, and nuclear engineers."
|
| 538 |
|
|
|a Mode of access: World Wide Web.
|
| 588 |
|
|
|a Latest issue consulted: Vol. 28, issue 2 (Apr. 2007), viewed Mar. 21, 2007.
|
| 500 |
|
|
|a Electronic resource.
|
| 650 |
|
0 |
|a Fluid dynamics
|v Periodicals.
|
| 650 |
|
6 |
|a Fluides, Dynamique des
|x Périodiques.
|
| 710 |
2 |
|
|a Institution of Mechanical Engineers (Great Britain)
|
| 776 |
0 |
8 |
|i Print version:
|t International journal of heat and fluid flow
|x 0142-727X
|w (DLC) 79644354
|w (OCoLC)5017673
|
| 780 |
0 |
0 |
|t Heat and fluid flow (Online)
|w (OCoLC)44012393
|
| 949 |
|
|
|a updated
|b h
|c 2013/6/12
|e spoltoratski
|f 2:15:38 pm
|g m
|
| 994 |
|
|
|a C0
|b TXA
|
| 999 |
|
|
|a MARS
|
| 999 |
f |
f |
|s 48c1d4b4-4512-3903-9c1e-a2848d024106
|i 26e26fd5-f015-3697-bc3f-0c162839fba1
|t 0
|
| 952 |
f |
f |
|a Texas A&M University
|b College Station
|c Electronic Resources
|d Available Online
|t 0
|e TJ260 .I58
|g Electronic
|h Library of Congress classification
|
| 998 |
f |
f |
|a TJ260 .I58
|t 0
|l Available Online
|